| 000 | 00471nam a2200157 i 4500 | ||
|---|---|---|---|
| 001 | 101841 | ||
| 003 | ES-MaACL | ||
| 005 | 20230906183006.0 | ||
| 007 | t| | ||
| 008 | 051026s1960 sp ||||1| spa d | ||
| 100 | 1 |
_aMenchén Benítez, Luis. _980082 |
|
| 245 | 1 | 0 |
_aTeoría y práctica de la vinificación / _cLuis Menchén Benítez. |
| 260 |
_aMadrid : _b[s.n.], _c1960 ( _fGráf. R. Manzanares) |
||
| 300 |
_a136 p. ; _c16 cm. |
||
| 852 |
_aES-MaACL _jC-18113 _bR.45761 |
||
| 999 |
_c101841 _d101841 |
||